| 000 | 01578nam a22004097a 4500 | ||
|---|---|---|---|
| 003 | CHAP | ||
| 005 | 20220329143359.0 | ||
| 008 | 090203s2008 mx a r 00010 spa d | ||
| 010 | _a95750 | ||
| 011 | _a96722 | ||
| 035 | _a107378 | ||
| 040 | _cCHAP | ||
| 090 | _aTesis | ||
| 100 | 1 |
_aCampos Hernández, Nayelli. _918108 |
|
| 245 | 1 | 0 |
_aExtracción y evaluación de la calidad del aceite de chinene (Persea schiedeana) Nees _c/por Nayelli Campos Hernández |
| 260 |
_aChapingo, Méx. : _bEl autor, _c2008 |
||
| 300 |
_ax, 80 h. : _bcuadros, gráfs. |
||
| 502 | _aTesis (M.C. en Ciencia y Tecnología Agroalimentaria) -- UACH. Departamento de Ingeniería Agroindustrial | ||
| 530 | _aTambién disponible en línea | ||
| 590 |
_aALEPH _b10 _c20130110 _lUCH01 _h1526 |
||
| 590 |
_aBATCH-UPD _b10 _c20130110 _lUCH01 _h0736 |
||
| 590 |
_aBATCH-UPD _b10 _c20130410 _lUCH01 _h0419 |
||
| 590 |
_aBATCH-UPD _b10 _c20130913 _lUCH01 _h1859 |
||
| 590 |
_aBATCH-UPD _b10 _c20140324 _lUCH01 _h1509 |
||
| 590 |
_aBATCH-UPD _b10 _c20141002 _lUCH01 _h0838 |
||
| 590 |
_aBATCH _b00 _c20181121 _lUCH01 _h0759 |
||
| 590 |
_aCONVERSION _b10 _c20130109 _lUCH01 _h1353 |
||
| 650 | 1 | 4 |
_aAceites vegetales _xAnalisis. _9458 |
| 650 | 1 | 4 |
_aAguacate _xVariedades. _92559 |
| 650 | 1 | 4 |
_aPersea schiedeana. _987315 |
| 856 |
_3Finding aid _uhttp://10.13.5.2/tesis/107378.pdf _zTeclea aqui |
||
| 856 |
_a1 _n0001201 |
||
| 901 | _aBK | ||
| 942 | _cFOLL | ||
| 949 |
_aTesis _bBC _cTES _d33724002081678 _eTS1 _gdonaciØn _h48686 _i107378 _sb |
||
| 949 |
_aTesis _bBC _cTES _d33724002081710 _eTS2 _fc.2 _gDonaciØn _h48687 _i107378 _si |
||
| 999 |
_c95750 _d95750 |
||